| 000 | 00522nam a2200157 i 4500 | ||
|---|---|---|---|
| 001 | 70273 | ||
| 003 | ES-MaACL | ||
| 005 | 20230906170755.0 | ||
| 007 | t| | ||
| 008 | 040721s1922 sp ||||1| spa d | ||
| 100 | 1 |
_aGarcía Rey, Verardo. _955172 |
|
| 245 | 1 | 3 |
_aLa Capilla del Rey Don Sancho el Bravo y los Cenotafios Reales en la Catedral de Toledo / _cVerardo García Rey. |
| 260 |
_aToledo : _b[s.n.], _c1922 ( _fEst. Tip. de Sucesor de J. Pelèz) |
||
| 300 |
_a22 p., 1 lám. ; _c23 cm. |
||
| 852 |
_aES-MaACL _j1638-F-5 |
||
| 999 |
_c70273 _d70273 |
||